000 00742nam a22001937a 4500
999 _c193870
_d193870
005 20230213155505.0
010 _aB-746852-855 E.N.A./7.11.22
020 _a9788178441184
_c995.00
035 _aB-746852-855
037 _bK.K.Publication
082 _a305.56
100 _aTippal, B.S.
245 _aDalits through the ages /
_cby B.S.Tippal
260 _aNew Delhi
_bK.K.Publications
_c2022
270 _a4806/24,Bharat Ram Road,Darya Ganj,
_bNew Delhi
_e110002
300 _a346p.
_c22cm(hbk)
942 _2ddc
_cEN
_mTIP
_h305.56